Every Triple H WWE PPV Opponent - Statistics

General Stats
  • This quiz has been taken 465 times
  • The average score is 227 of 285
Answer Stats
Event Wrestler % Correct
Armageddon 2003 | Backlash 2001 | Bragging Rights 2009 | +8 others Kane
99%
Armageddon 2000 | Backlash 2001 | Crown Jewel 2018 | +11 others The Undertaker
99%
Backlash 2008 | Backlash 2009 | Cyber Sunday 2006 | +18 others Randy Orton
98%
Armageddon 2002 | Backlash 2003 | Backlash 2004 | +10 others Shawn Michaels
98%
Backlash 2006 | Backlash 2008 | Elimination Chamber 2010 | +8 others John Cena
97%
Backlash 2005 | New Year's Revoultion 2005 | Vengeance 2005 | +2 others Batista
96%
INH 13:Final Four | Survivor Series 1996 Rocky Maivia
96%
Armageddon 2000 | Backlash 2000 | Fully Loaded 1999 | +11 others The Rock
96%
Armageddon 2000 | No Way Out 2002 | Royal Rumble 2002 | +3 others Kurt Angle
95%
Bragging Rights 2009 | Fully Loaded 2000 | Judgment Day 2002 | +7 others Chris Jericho
94%
Armageddon 2000 | INH 11: Buried Alive | INH 20: No Way Out of Texas | +7 others Steve Austin
94%
New Year's Revolution 2006 | No Way Out 2009 | Survivor Series 1999 | +4 others Big Show
93%
Armageddon 2008 | Backlash 2006 | Cyber Sunday 2006 | +6 others Edge
91%
Extreme Rules 2014 | Payback 2014 | WrestleMania 32 Roman Reigns
91%
Armageddon 1999 | SummerSlam 2006 | Unforgiven 2006 Vince McMahon
91%
Extreme Rules 2014 | Payback 2014 | WrestleMania 33 Seth Rollins
90%
King of the Ring 2000 | SummerSlam 2006 | Survivor Series 2017 | Unforgiven 2006 Shane McMahon
90%
Extreme Rules 2013 | SummerSlam 2012 | WrestleMania 29 Brock Lesnar
89%
Backlash 2004 | New Year's Revoultion 2005 | No Mercy 2000 | +3 others Chris Benoit
89%
Extreme Rules 2014 | Payback 2014 | Roadblock 2016 | Royal Rumble 2016 Dean Ambrose
89%
INH 16: Canadian Stampede | King of the Ring 1997 | SummerSlam 1997 | +2 others Mankind
88%
Survivor Series 2005 | Taboo Tuesday 2005 Ric Flair
86%
WrestleMania 30 Daniel Bryan
85%
Armageddon 2007 | Armageddon 2008 | Cyber Sunday 2008 | +4 others Jeff Hardy
84%
INH 20: No Way Out of Texas | No Way Out 2000 | Royal Rumble 2000 Cactus Jack
83%
Royal Rumble 1996 Diesel
82%
One Night Only Dude Love
82%
Bragging Rights 2009 Matt Hardy
82%
Royal Rumble 2006 Rey Mysterio
82%
Backlash 2003 | Survivor Series 2002 | WrestleMania 19 Booker T
81%
Backlash 2003 | Bad Blood 2003 | Insurrextion 2003 | +3 others Kevin Nash
81%
SummerSlam 2007 King Booker
81%
Backlash 2002 Hulk Hogan
80%
Wrestlemania 16 Mick Foley
80%
Vengeance 2011 The Miz
80%
Night Of Champions 2011 CM Punk
78%
Backlash 2009 | Breaking Point 2009 | Hell In A Cell 2009 | SummerSlam 2009 Cody Rhodes
77%
WrestleMania 34 Ronda Rousey
76%
Armageddon 2003 | SummerSlam 2003 | Survivor Series 2003 | Unforgiven 2003 Goldberg
75%
INH 20: No Way Out of Texas | INH 21: Unforgiven 1998 | INH 22: Over the Edge 1998 | WrestleMania 14 Owen Hart
74%
Elimination Chamber 2010 | Extreme Rules 2010 | WrestleMania 26 Sheamus
74%
Backlash 2008 | No Way Out 2008 JBL
73%
Survivor Series 2002 | Unforgiven 2002 Rob Van Dam
73%
WrestleMania 31 Sting
72%
Backlash 2009 | Breaking Point 2009 | Elimination Chamber 2010 | +2 others Ted Dibiase Jr.
71%
Backlash 1999 X-Pac
70%
Armageddon 2000 Rikishi
68%
Bragging Rights 2009 | Vengeance 2011 R-Truth
66%
WrestleMania 12 The Ultimate Warrior
66%
Cyber Sunday 2007 | No Mercy 2007 | No Way Out 2008 | Survivor Series 2007 Umaga
66%
Elimination Chamber 2010 Kofi Kingston
64%
SummerSlam 2008 The Great Khali
64%
No Way Out 2003 | Royal Rumble 2003 Scott Steiner
58%
Unforgiven 1999 British Bulldog
57%
Royal Rumble 1997 | WrestleMania 13 Goldust
56%
Survivor Series 2007 | Unforgiven 2008 MVP
56%
Survivor Series 2006 Johnny Nitro
55%
Unforgiven 2007 Carlito
49%
Unforgiven 2008 Shelton Benjamin
48%
No Way Out 2009 | Survivor Series 2008 Vladimir Kozlov
46%
Survivor Series 2007 Big Daddy V
44%
Bragging Rights 2009 | Survivor Series 2007 Finlay
44%
INH 27: St. Valentine's Day Massacre Chyna
42%
Survivor Series 2017 Shinsuke Nakamura
42%
Survivor Series 2006 Mike Knox
41%
Vengeance 2006 Kenny
40%
SummerSlam 2004 Eugene
39%
Vengeance 2006 Nicky
39%
Survivor Series 2004 Maven
38%
Vengeance 2006 Mikey
38%
Survivor Series 2017 Bobby Roode
37%
Survivor Series 2007 Mr. Kennedy
37%
Vengeance 2006 Mitch
33%
Unforgiven 2008 The Brian Kendrick
32%
INH 22: Over the Edge 1998 D-Lo Brown
31%
Vengeance 2006 Johnny
29%
INH 12: It's Time | INH 8:Beware of Dog | Survivor Series 1996 Marc Mero
28%
INH 20: No Way Out of Texas Chainsaw Charlie
26%
Survivor Series 1996 Jake Roberts
26%
Capital Carnage Jeff Jarrett
26%
King of the Ring 1997 Ahmed Johnson
25%
INH 5: Season's Beatings | Survivor Series 1995 Henry O. Godwinn
24%
SummerSlam 1995 Bob Holly
23%
INH 15: A Cold Day in Hell Flash Funk
23%
Survivor Series 1995 Savio Vega
23%
INH 22: Over the Edge 1998 The Godfather
23%
Bragging Rights 2009 David Hart Smith
22%
Survivor Series 2006 Gregory Helms
21%
Bragging Rights 2009 Tyson Kidd
20%
INH 19: Degeneration-X Sgt. Slaughter
16%
INH 4: Great White North | Survivor Series 1995 Fatu
15%
INH 6: Rage in the Cage | Royal Rumble 1996 Duke Droese
10%
Survivor Series 1996 The Stalker
8%
No matching quizzes found
Score Distribution
Percent of People with Each Score
Percentile by Number Answered
Your Score History
You have not taken this quiz